| 000 | 00465cam a2200181ua 4500 | ||
|---|---|---|---|
| 020 | _c25.00 | ||
| 041 |
_aeng _h |
||
| 082 |
_a634.7 _bRAJ/LIT |
||
| 100 | _aRaj mani, Pandey . | ||
| 245 |
_aLitchi / _cRaj mani pandey. _hTextual Documents |
||
| 260 |
_aNew Delhi : _bIndian Council for Agricultural Research , _c1998. |
||
| 300 | _a80 ; . | ||
| 365 | _a25.00 | ||
| 504 | _a | ||
| 700 | 1 | _aHarish Chandra, Sharma. | |
| 942 | _cBK | ||
| 999 |
_c12060 _d12060 |
||